000 00417nam a2200169 a 4500
001 0000-8828
003 ELIB.Books
008 110520 1987
035 _a(ELIB.Books)0000-8974
082 _a220
_bWCC
100 _aWCC
245 _aThose who would give light must endure burning
260 _bPhilippines; NCCP
_c1987
650 _aBible
942 _2ddc
_cBK
998 _cbat
_e2011-05-20
999 _c8828
_d8828